00757 a2200169 4500003000500000005001700005010001600022040000900038082001600047100001800063245004200081250000800123260003400131300001400165505038700179650002100566Nust20221208121231.0 a 89048850 cNust a530.41, MAH aMahan,Geral D aMany Practice PhysicscGerald D.Mahan a2nd aNew YorkbPlenum pressc1990. axiv,1032p aIntroductory Material (Page-1), Green Functions at Zero Temperature (Page-81), Green Functions at Finite Temperature (Page-133), Exactly Solvable Models (Page-239), Electron Gas (Page-379), Electron Phonon Interaction (Page-497), DC Conductive (Page-601). Optical Properties of Solids (Page-695). Superconductivity (Page-767). Liquid Helium (Page-841), Spin Fluctuations (Page-957). aParticle physics